[Event "HUN-chT2 Erkel 1718"]
[Site "Hungary"]
[Date "2018.02.18"]
[Round "8.9"]
[White "Jozsa, Mihaly"]
[Black "Hidvegi, Attila"]
[Result "0-1"]
[WhiteElo "1756"]
[BlackElo "2023"]
[PlyCount "68"]
[EventDate "2017.09.24"]
[EventType "team-tourn"]
[EventRounds "11"]
[EventCountry "HUN"]
[SourceTitle "EXT 2021"]
[Source "ChessBase"]
[SourceDate "2020.10.23"]
[SourceVersion "1"]
[SourceVersionDate "2020.10.23"]
[SourceQuality "1"]
[WhiteTeam "Andornaktalya"]
[BlackTeam "Pestszentlorinc"]
[WhiteTeamCountry "HUN"]
[BlackTeamCountry "HUN"]

1. e4 c5 2. Nf3 a6 3. d4 cxd4 4. Nxd4 Nf6 5. Nc3 e5 6. Nb3 Bb4 7. Bd2 0-0 8. Bd3 Nc6 9. 0-0 Bxc3 10. Bxc3 d5 11. exd5 Nxd5 12. Bd2 Kh8 13. c4 Nc7 14. Be4 Nd4 15. Qh5 f5 16. Bg5 Qd6 17. Bb1 Be6 18. c5 Qd7 19. Rd1 Bf7 20. Bxf5 Qxf5 21. Nxd4 Bxh5 22. Nxf5 Bxd1 23. Nd6 Ba4 24. Re1 Nd5 25. Rxe5 Bc6 26. Be7 Nxe7 27. Rxe7 Rfe8 28. Nxe8 Rxe8 29. Rxe8+ Bxe8 30. b4 Kg8 31. f4 Kf7 32. Kf2 Ke6 33. Ke3 Kd5 34. Kd3 Bb5+ 0-1

[Event "HUN-chT2 Erkel 1617"]
[Site "Hungary"]
[Date "2017.02.26"]
[Round "9.8"]
[White "Kutas, Balazs"]
[Black "Hidvegi, Attila"]
[Result "1/2-1/2"]
[WhiteElo "1842"]
[BlackElo "2049"]
[PlyCount "96"]
[EventDate "2016.09.25"]
[EventType "team-tourn"]
[EventRounds "11"]
[EventCountry "HUN"]
[SourceTitle "EXT 2021"]
[Source "ChessBase"]
[SourceDate "2020.10.23"]
[SourceVersion "1"]
[SourceVersionDate "2020.10.23"]
[SourceQuality "1"]
[WhiteTeam "Salgotarjan"]
[BlackTeam "Pestszentlorinc"]
[WhiteTeamCountry "HUN"]
[BlackTeamCountry "HUN"]

1. e4 c5 2. Nc3 Nc6 3. f4 e5 4. Nf3 d6 5. Bb5 exf4 6. 0-0 a6 7. Bxc6+ bxc6 8. d3 Ne7 9. Bxf4 Ng6 10. Bg3 Be7 11. d4 0-0 12. dxc5 dxc5 13. Qxd8 Rxd8 14. Rad1 Be6 15. b3 c4 16. Na4 cxb3 17. cxb3 Rxd1 18. Rxd1 c5 19. Rc1 Rc8 20. Nb6 Rc6 21. Nd5 Bf8 22. Nd4 Rc8 23. Nxe6 fxe6 24. Nc7 e5 25. Nxa6 Ra8 26. Nxc5 Rxa2 27. Nd3 Re2 28. Re1 Rd2 29. Nxe5 Rb2 30. Nxg6 hxg6 31. e5 Bc5+ 32. Kf1 Rxb3 33. Ke2 Kf7 34. Rc1 Rb5 35. Kf3 Ke6 36. Bf4 g5 37. Bxg5 Kxe5 38. Kg4 Ke6 39. h4 Kf7 40. Rd1 Rb7 41. Kf5 Be7 42. Bxe7 Rxe7 43. Rd5 g6+ 44. Kg5 Kg7 45. g4 Ra7 46. h5 gxh5 47. Kxh5 Re7 48. g5 Ra7 1/2-1/2

[Event "HUN-chT2 Erkel 1617"]
[Site "Hungary"]
[Date "2017.01.29"]
[Round "7.10"]
[White "Nagy, Karoly1111"]
[Black "Hidvegi, Attila"]
[Result "0-1"]
[WhiteElo "2065"]
[BlackElo "2049"]
[PlyCount "120"]
[EventDate "2016.09.25"]
[EventType "team-tourn"]
[EventRounds "11"]
[EventCountry "HUN"]
[SourceTitle "EXT 2021"]
[Source "ChessBase"]
[SourceDate "2020.10.23"]
[SourceVersion "1"]
[SourceVersionDate "2020.10.23"]
[SourceQuality "1"]
[WhiteTeam "Jaszbereny"]
[BlackTeam "Pestszentlorinc"]
[WhiteTeamCountry "HUN"]
[BlackTeamCountry "HUN"]

1. e4 c5 2. Ne2 a6 3. c4 e5 4. Nbc3 Nc6 5. g3 d6 6. Bg2 Nf6 7. d3 Be7 8. h3 Nd4 9. 0-0 0-0 10. f4 Bd7 11. f5 b5 12. Nxd4 cxd4 13. Ne2 bxc4 14. dxc4 Qc7 15. Qd3 Rac8 16. b3 Bc6 17. g4 h6 18. Ng3 Qb7 19. Bd2 Nh7 20. Rae1 Bg5 21. Re2 Bxd2 22. Qxd2 f6 23. h4 Qb6 24. Kh2 a5 25. Qd3 Rf7 26. Bf3 Rb7 27. Rg2 Be8 28. Bd1 Qb4 29. Ne2 a4 30. Rg3 Rcb8 31. Ng1 axb3 32. axb3 Ra8 33. Bc2 Ra2 34. Rg2 Rba7 35. Nh3 Ra1 36. g5 hxg5 37. hxg5 Rxf1 38. Qxf1 Qc3 39. Qd3 Qxd3 40. Bxd3 Rb7 41. g6 Nf8 42. Rb2 Rb4 43. Kg3 Nd7 44. Kf3 Nc5 45. Bc2 Ba4 46. Nf2 Bxb3 47. Bxb3 Rxb3+ 48. Rxb3 Nxb3 49. Ke2 Nc5 50. Kf3 Kf8 51. Nh1 Nd3 52. Ng3 Nb2 53. Ke2 Nxc4 54. Kd3 Nb6 55. Kd2 d5 56. Kd3 dxe4+ 57. Kxe4 Nc4 58. Kd5 d3 59. Ne4 d2 60. Ke6 d1Q 0-1

[Event "HUN-chT2 Erkel 1516"]
[Site "Hungary"]
[Date "2015.11.08"]
[Round "4.9"]
[White "Hidvegi, Attila"]
[Black "Banhazi, Istvan"]
[Result "0-1"]
[WhiteElo "2057"]
[BlackElo "2044"]
[PlyCount "94"]
[EventDate "2015.09.13"]
[EventType "team-tourn"]
[EventRounds "11"]
[EventCountry "HUN"]
[SourceTitle "CBM 170 Extra"]
[Source "ChessBase"]
[SourceDate "2016.02.25"]
[SourceVersion "1"]
[SourceVersionDate "2016.02.25"]
[SourceQuality "1"]
[WhiteTeam "Pestszentlorinc"]
[BlackTeam "MAFC"]
[WhiteTeamCountry "HUN"]
[BlackTeamCountry "HUN"]

1. e4 c5 2. Nf3 d6 3. d4 cxd4 4. Nxd4 Nf6 5. Nc3 a6 6. Be2 e5 7. Nf3 h6 8. Be3 Be6 9. 0-0 Nbd7 10. h3 Rc8 11. Nd2 Nb6 12. Bd3 d5 13. Bxb6 Qxb6 14. exd5 Nxd5 15. Nxd5 Bxd5 16. Qg4 Rc7 17. b3 g6 18. Rae1 Bg7 19. Bc4 Qc5 20. Ne4 Bxe4 21. Rxe4 0-0 22. Qxg6 Qxc4 23. Qxg7+ Kxg7 24. bxc4 Rfc8 25. Rb1 Rxc4 26. Rxe5 b5 27. Rb3 Rxc2 28. Ra3 R8c6 29. Re8 R2c3 30. Ra5 Rd3 31. Ra8 Rdd6 32. Ra3 b4 33. Rg3+ Rg6 34. Rb3 Rc1+ 35. Kh2 Rc2 36. Rf3 Rxa2 37. Ra7 Rf6 38. Rg3+ Kh7 39. Ra8 Raxf2 40. Rgg8 b3 41. Rh8+ Kg6 42. Rhg8+ Kh5 43. Rab8 b2 44. Kg3 Rd2 45. Rgc8 Rf1 46. Rc5+ f5 47. Rb4 b1Q 0-1

[Event "HUN-chT2 Erkel 1516"]
[Site "Hungary"]
[Date "2015.10.04"]
[Round "2.9"]
[White "Hidvegi, Attila"]
[Black "Tarsi, Miklos"]
[Result "1-0"]
[WhiteElo "2057"]
[BlackElo "1931"]
[PlyCount "119"]
[EventDate "2015.09.13"]
[EventType "team-tourn"]
[EventRounds "11"]
[EventCountry "HUN"]
[SourceTitle "CBM 170 Extra"]
[Source "ChessBase"]
[SourceDate "2016.02.25"]
[SourceVersion "1"]
[SourceVersionDate "2016.02.25"]
[SourceQuality "1"]
[WhiteTeam "Pestszentlorinc"]
[BlackTeam "Jaszbereny"]
[WhiteTeamCountry "HUN"]
[BlackTeamCountry "HUN"]

1. e4 c6 2. d4 d5 3. Nc3 dxe4 4. Nxe4 Bf5 5. Ng3 Bg6 6. Nf3 Nd7 7. Bd3 Ngf6 8. Bf4 e6 9. 0-0 Nd5 10. Be3 Bd6 11. c4 Nxe3 12. fxe3 Bxg3 13. hxg3 Nf6 14. Ne5 Bxd3 15. Qxd3 0-0 16. Rad1 Nd7 17. Nf3 Nf6 18. Ne5 Qd6 19. Rf4 Nd7 20. Nxd7 Qxd7 21. Qe4 Rad8 22. Rdf1 Qd6 23. Qf3 f5 24. Qh5 g6 25. Qh6 Qe7 26. Rh4 Qg7 27. Qxg7+ Kxg7 28. Rhf4 h5 29. R4f2 Rd7 30. Re2 Rff7 31. Rc1 Kf6 32. Rd1 e5 33. Red2 e4 34. b4 Ke6 35. Kf2 b6 36. a4 a6 37. Ra2 a5 38. bxa5 bxa5 39. Rb2 Rb7 40. Rdb1 Rxb2+ 41. Rxb2 Kf6 42. Rb6 Kg5 43. Rxc6 Rb7 44. d5 Rb2+ 45. Ke1 Rb3 46. Ke2 Rd3 47. Rb6 Ra3 48. c5 Rxa4 49. d6 Ra2+ 50. Ke1 Ra1+ 51. Kd2 Ra2+ 52. Kc3 Ra3+ 53. Rb3 Rxb3+ 54. Kxb3 Kf6 55. Ka4 g5 56. Kb5 f4 57. d7 Ke7 58. Kc6 Kd8 59. Kd6 f3 60. c6 1-0

[Event "HUN-chT2 Erkel 1213"]
[Site "Hungary"]
[Date "2013.04.07"]
[Round "10.9"]
[White "Halasz, Csaba"]
[Black "Hidvegi, Attila"]
[Result "1-0"]
[WhiteElo "2161"]
[BlackElo "2036"]
[PlyCount "55"]
[EventDate "2012.09.16"]
[EventType "team-tourn"]
[EventRounds "11"]
[EventCountry "HUN"]
[SourceTitle "EXT 2014"]
[Source "ChessBase"]
[SourceDate "2013.11.20"]
[SourceVersion "1"]
[SourceVersionDate "2013.11.20"]
[SourceQuality "1"]
[WhiteTeam "Barcza"]
[BlackTeam "Pestszentlorinc"]
[WhiteTeamCountry "HUN"]
[BlackTeamCountry "HUN"]

1. e4 c5 2. Nf3 a6 3. c3 d5 4. exd5 Qxd5 5. d4 e6 6. Be3 cxd4 7. cxd4 Nf6 8. Nc3 Qa5 9. Bd3 Nc6 10. 0-0 Be7 11. a3 b5 12. b4 Qd8 13. Rc1 Bd7 14. Ne5 Rc8 15. Bb1 0-0 16. Qf3 Bd6 17. Qg3 Nh5 18. Qh3 g6 19. Nxd7 Qxd7 20. d5 Nb8 21. Ne4 Rxc1 22. Rxc1 Be7 23. d6 Bd8 24. Bh6 Re8 25. g4 e5 26. Qf3 Ng7 27. Ba2 Nc6 28. Rxc6 1-0

[Event "HUN-chT2 Erkel 1213"]
[Site "Hungary"]
[Date "2013.03.24"]
[Round "9.8"]
[White "Lengyel, Laszlo"]
[Black "Hidvegi, Attila"]
[Result "1/2-1/2"]
[WhiteElo "2065"]
[BlackElo "2036"]
[PlyCount "40"]
[EventDate "2012.09.16"]
[EventType "team-tourn"]
[EventRounds "11"]
[EventCountry "HUN"]
[SourceTitle "EXT 2014"]
[Source "ChessBase"]
[SourceDate "2013.11.20"]
[SourceVersion "1"]
[SourceVersionDate "2013.11.20"]
[SourceQuality "1"]
[WhiteTeam "Paszto"]
[BlackTeam "Pestszentlorinc"]
[WhiteTeamCountry "HUN"]
[BlackTeamCountry "HUN"]

1. e4 c5 2. c4 Nc6 3. Nc3 e5 4. d3 d6 5. f4 Nf6 6. Nf3 Bg4 7. Be2 Bxf3 8. Bxf3 Nd4 9. 0-0 Be7 10. Be3 Nxf3+ 11. Qxf3 0-0 12. h3 Nd7 13. Nd5 Bf6 14. Rf2 exf4 15. Nxf6+ Qxf6 16. Bxf4 Ne5 17. Qg3 Qe7 18. Raf1 f6 19. h4 Qe8 20. Qh3 Qc8 1/2-1/2

[Event "HUN-chT2 Erkel 1112"]
[Site "Hungary"]
[Date "2011.11.13"]
[Round "3.9"]
[White "Nagy, Karoly"]
[Black "Hidvegi, Attila"]
[Result "1-0"]
[WhiteElo "2122"]
[BlackElo "2017"]
[PlyCount "55"]
[EventDate "2011.09.25"]
[EventType "team-tourn"]
[EventRounds "11"]
[EventCountry "HUN"]
[SourceTitle "EXT 2013"]
[Source "ChessBase"]
[SourceDate "2012.11.22"]
[SourceVersion "1"]
[SourceVersionDate "2012.11.22"]
[SourceQuality "1"]
[WhiteTeam "Ujszasz"]
[BlackTeam "Pestszentlorinc"]
[WhiteTeamCountry "HUN"]
[BlackTeamCountry "HUN"]

1. e4 c5 2. c4 Nc6 3. Ne2 e5 4. Nbc3 Nf6 5. g3 Be7 6. Bg2 0-0 7. d3 d6 8. h3 Nd4 9. 0-0 Bd7 10. Kh2 a6 11. f4 b5 12. g4 b4 13. Nd5 Nxg4+ 14. Kh1 Bh4 15. Nxd4 cxd4 16. hxg4 Bg3 17. Bh3 Qh4 18. Kg2 h5 19. f5 Kh8 20. gxh5 g6 21. hxg6 fxg6 22. Qg4 gxf5 23. Qxh4+ Bxh4 24. Bxf5 Rg8+ 25. Kh3 Be1 26. Bxd7 Rg3+ 27. Kh2 Kg7 28. Rxe1 1-0

[Event "HUN-chT2 Erkel 1011"]
[Site "Hungary"]
[Date "2011.05.15"]
[Round "11.10"]
[White "Kalmar, Karoly"]
[Black "Hidvegi, Attila"]
[Result "0-1"]
[WhiteElo "2018"]
[BlackElo "2041"]
[PlyCount "82"]
[EventDate "2010.09.12"]
[EventType "team-tourn"]
[EventRounds "11"]
[EventCountry "HUN"]
[SourceTitle "EXT 2012"]
[Source "ChessBase"]
[SourceDate "2011.11.24"]
[SourceVersion "1"]
[SourceVersionDate "2011.11.24"]
[SourceQuality "1"]
[WhiteTeam "Dunaharaszti II"]
[BlackTeam "Pestszentlorinc"]
[WhiteTeamCountry "HUN"]
[BlackTeamCountry "HUN"]

1. e4 c5 2. Nf3 a6 3. d4 cxd4 4. Nxd4 Nf6 5. Bd3 e5 6. Nf3 d5 7. Nbd2 Nc6 8. 0-0 Bg4 9. a3 Be7 10. b3 Qc7 11. Bb2 dxe4 12. Nxe4 Rd8 13. Nxf6+ Bxf6 14. Qe2 g6 15. Qe3 Bxf3 16. Qxf3 Bg7 17. Qg3 0-0 18. Rad1 Nd4 19. Rfe1 Rd7 20. Bxd4 Rxd4 21. Re2 Rfd8 22. Rde1 Kh8 23. a4 Qc5 24. Qf3 Qc7 25. Re4 f5 26. Rxd4 Rxd4 27. Qe2 Bf6 28. Bc4 Qd6 29. Qe3 Kg7 30. g3 e4 31. Kg2 h6 32. Re2 g5 33. f4 g4 34. c3 Rd1 35. Rc2 Bd8 36. Rc1 Rd2+ 37. Kh1 Bb6 38. Qe1 e3 39. Be2 Qd5+ 40. Kg1 Qxb3 41. Rb1 Rxe2 0-1

[Event "HUN-chT2 Erkel 1011"]
[Site "Hungary"]
[Date "2010.11.21"]
[Round "6.10"]
[White "Kiss, Peter2222"]
[Black "Hidvegi, Attila"]
[Result "1-0"]
[WhiteElo "1857"]
[BlackElo "2041"]
[PlyCount "119"]
[EventDate "2010.09.12"]
[EventType "team-tourn"]
[EventRounds "11"]
[EventCountry "HUN"]
[SourceTitle "EXT 2012"]
[Source "ChessBase"]
[SourceDate "2011.11.24"]
[SourceVersion "1"]
[SourceVersionDate "2011.11.24"]
[SourceQuality "1"]
[WhiteTeam "Budapest MTK"]
[BlackTeam "Pestszentlorinc"]
[WhiteTeamCountry "HUN"]
[BlackTeamCountry "HUN"]

1. e4 c5 2. Nf3 a6 3. c3 d5 4. exd5 Qxd5 5. d4 e6 6. Be2 Nf6 7. 0-0 Nc6 8. Be3 cxd4 9. Nxd4 e5 10. Nb3 Qxd1 11. Rxd1 Be7 12. N1d2 Nd5 13. Bc5 Be6 14. Bxe7 Kxe7 15. Nc5 Rab8 16. Bf3 Rhd8 17. Ndb3 Rd6 18. Rd2 Nb6 19. Rxd6 Kxd6 20. Rd1+ Kc7 21. Nxe6+ fxe6 22. Nc5 Re8 23. Bg4 Nd8 24. Kf1 Re7 25. g3 Nd7 26. Ne4 Nf6 27. Bf3 Nxe4 28. Bxe4 h6 29. Ke2 Nf7 30. Ke3 b6 31. Bd3 Rd7 32. Rc1 Kb7 33. Bc4 Rd6 34. Rc2 b5 35. Bb3 Nd8 36. Rd2 Rxd2 37. Kxd2 Kc7 38. Ke3 Kd6 39. a4 Nb7 40. axb5 axb5 41. Bd1 Nc5 42. b4 Nd7 43. Be2 Kc6 44. Bf3+ Kd6 45. Be2 Kc6 46. Ke4 Kb6 47. Bf1 Kc6 48. h4 Nf6+ 49. Kxe5 Ng4+ 50. Kxe6 Nxf2 51. Bg2+ Kc7 52. Bf3 Kb6 53. h5 Nd3 54. Bd1 Nc1 55. Kf7 Na2 56. Kxg7 Nxc3 57. Bb3 Ne4 58. g4 Nf2 59. g5 hxg5 60. h6 1-0

[Event "HUN-chT2 Erkel 0910"]
[Site "Hungary"]
[Date "2009.12.20"]
[Round "4.9"]
[White "Botos, Jozsef"]
[Black "Hidvegi, Attila"]
[Result "0-1"]
[WhiteElo "2027"]
[BlackElo "2080"]
[PlyCount "90"]
[EventDate "2009.11.08"]
[EventType "team-tourn"]
[EventRounds "11"]
[EventCountry "HUN"]
[SourceTitle "EXT 2011"]
[Source "ChessBase"]
[SourceDate "2010.11.26"]
[SourceVersion "1"]
[SourceVersionDate "2010.11.26"]
[SourceQuality "1"]
[WhiteTeam "Dunaharaszti"]
[BlackTeam "Pestszentlorinc"]
[WhiteTeamCountry "HUN"]
[BlackTeamCountry "HUN"]

1. Nf3 Nf6 2. d4 e6 3. Nbd2 d5 4. e3 Be7 5. Bd3 0-0 6. 0-0 c5 7. c3 Nc6 8. Re1 Qb6 9. Qe2 Bd7 10. Ne5 Rad8 11. f4 Bd6 12. Qf3 Ne7 13. g4 Ne8 14. Qh3 g6 15. Ndf3 f6 16. Nxd7 Rxd7 17. g5 f5 18. Qf1 c4 19. Bc2 Nc6 20. Qe2 Be7 21. Ne5 Nxe5 22. dxe5 Qc6 23. Bd2 Nc7 24. h4 Ne8 25. h5 Ng7 26. hxg6 hxg6 27. Qh2 Kf7 28. Bd1 Rdd8 29. Bf3 Rh8 30. Qf2 Bc5 31. Kf1 Nh5 32. Bxh5 Rxh5 33. Ke2 Rdh8 34. Rg1 d4 35. Rg2 Qe4 36. Rag1 Qd3+ 37. Kf3 Rh3+ 38. Rg3 Rh2 39. R1g2 Qe4+ 40. Ke2 dxe3 41. Bxe3 Bxe3 42. Qf3 Rxg2+ 43. Qxg2 Qd3+ 44. Ke1 Rh1+ 45. Qxh1 Qd2+ 0-1

[Event "HUN-chT2 Erkel 0809"]
[Site "Hungary"]
[Date "2009.04.19"]
[Round "11.8"]
[White "Gulyas, Zoltan"]
[Black "Hidvegi, Attila"]
[Result "1-0"]
[WhiteElo "2095"]
[BlackElo "2108"]
[PlyCount "137"]
[EventDate "2008.10.26"]
[EventType "team-tourn"]
[EventRounds "11"]
[EventCountry "HUN"]
[SourceTitle "EXT 2010"]
[Source "ChessBase"]
[SourceDate "2010.11.25"]
[SourceVersion "1"]
[SourceVersionDate "2010.11.25"]
[SourceQuality "1"]
[WhiteTeam "Ujszasz"]
[BlackTeam "HMO"]
[WhiteTeamCountry "HUN"]
[BlackTeamCountry "HUN"]

1. d4 Nf6 2. c4 e6 3. Nc3 d5 4. Nf3 Nbd7 5. e3 c6 6. Bd3 Bd6 7. 0-0 0-0 8. e4 dxe4 9. Nxe4 Nxe4 10. Bxe4 e5 11. Be3 f5 12. Bc2 e4 13. Ne1 f4 14. Bd2 Nf6 15. f3 Qe8 16. fxe4 Nxe4 17. Nf3 Nxd2 18. Qxd2 Qh5 19. Rae1 Bf5 20. c5 Bc7 21. Re7 Rac8 22. Ne5 Bxc2 23. Qxc2 Bxe5 24. Qb3+ Kh8 25. Rxe5 Qf7 26. Qxf7 Rxf7 27. g3 f3 28. Kf2 Rcf8 29. Rfe1 h6 30. h3 Rd7 31. R5e4 Rff7 32. h4 Kh7 33. h5 b6 34. b4 Rb7 35. cxb6 axb6 36. a3 Ra7 37. R4e3 Rad7 38. Rd3 Rf6 39. Re4 c5 40. bxc5 bxc5 41. d5 Rf5 42. d6 Rf6 43. Rc4 Rfxd6 44. Rxd6 Rxd6 45. Rxc5 Rd3 46. a4 Ra3 47. Ra5 Kg8 48. Ra7 Kf8 49. a5 Ke8 50. g4 Kd8 51. a6 Kc8 52. Rxg7 Rxa6 53. Rg6 Ra2+ 54. Kxf3 Ra3+ 55. Kf4 Kd7 56. Rxh6 Ke7 57. Rg6 Ra4+ 58. Kg5 Kf7 59. Kh6 Ra8 60. Kh7 Ra5 61. g5 Rb5 62. Rf6+ Ke7 63. Kg6 Rb8 64. h6 Rg8+ 65. Kf5 Rh8 66. Ra6 Rf8+ 67. Kg6 Rg8+ 68. Kh5 Rb8 69. h7 1-0

[Event "HUN-chT2 Erkel 0809"]
[Site "Hungary"]
[Date "2009.02.08"]
[Round "7.8"]
[White "Mizsei, Janos"]
[Black "Hidvegi, Attila"]
[Result "1/2-1/2"]
[WhiteElo "2118"]
[BlackElo "2108"]
[PlyCount "82"]
[EventDate "2008.10.26"]
[EventType "team-tourn"]
[EventRounds "11"]
[EventCountry "HUN"]
[SourceTitle "EXT 2010"]
[Source "ChessBase"]
[SourceDate "2010.11.25"]
[SourceVersion "1"]
[SourceVersionDate "2010.11.25"]
[SourceQuality "1"]
[WhiteTeam "Jaszbereny"]
[BlackTeam "HMO"]
[WhiteTeamCountry "HUN"]
[BlackTeamCountry "HUN"]

1. d4 Nf6 2. c4 e6 3. Nf3 d5 4. Nc3 Nbd7 5. g3 c6 6. Bg2 Be7 7. 0-0 0-0 8. Qc2 Re8 9. Rd1 Bd6 10. b3 b6 11. e4 dxe4 12. Nxe4 Nxe4 13. Qxe4 Bb7 14. Ne5 Rc8 15. c5 Be7 16. Be3 Nf6 17. Qf3 Rf8 18. Bg5 Nd5 19. Bxe7 Qxe7 20. Rac1 b5 21. Qe2 Rcd8 22. a3 Qc7 23. Nf3 h6 24. Ne5 Rde8 25. Be4 f5 26. Bxd5 exd5 27. f4 Rf6 28. Qh5 Ree6 29. b4 Kh7 30. h4 g6 31. Qf3 h5 32. Ra1 Rf8 33. Re1 Rfe8 34. Re2 a5 35. Rae1 a4 36. Qd3 Bc8 37. Nf3 Rxe2 38. Rxe2 Re4 39. Kf2 Qe7 40. Ne5 Qf6 41. Nf3 Kg7 1/2-1/2